|
|
|
|
| LEADER |
00000cam a2200000 7i4500 |
| 001 |
0000306708 |
| 005 |
20240403142314.0 |
| 006 |
### ### |
| 007 |
t |
| 008 |
231129t20222022paua j #000 eng |
| 020 |
|
|
|a 9780764364815
|
| 040 |
|
|
|a MBPJ
|b eng
|c MBPJ
|e rda
|
| 090 |
0 |
0 |
|a 793.73
|b MUN
|
| 100 |
1 |
|
|a Munro, Roxie ,
|e author
|
| 245 |
1 |
0 |
|a ABCITY :
|b MAZE & SEEK-N-FIND
|c ROXIE MUNRO
|
| 264 |
|
1 |
|a Atglen, PA :
|b Schiffer Kids
|c [2022]
|
| 264 |
|
4 |
|c ©2022
|
| 336 |
|
|
|a still image
|2 rdacontent
|
| 336 |
|
|
|a text
|2 rdacontent
|
| 337 |
|
|
|a unmediated
|2 rdamedia
|
| 338 |
|
|
|a volume
|2 rdacarrier
|
| 650 |
|
0 |
|a Games & Activities
|
| 650 |
|
0 |
|a Puzzles
|
| 999 |
|
|
|a 00408614
|b BUKU
|c JUNIOR BOOKS
|e PERPUSTAKAAN KOMUNITI PETALING JAYA
|